000
00274nam a22001217a 4500
999
_c
64732
_d
64729
082
_a
SYE
100
_a
Syed Kashif
245
_a
Corporate governance in Pakistan
260
_a
Islamabad
_b
HEC
_c
2018
300
_a
129
500
_a
Donated by Dr Assadullah Qazi
942
_c
BK